000 00636nam a2200205Ia 4500
003 GCL
008 140319s9999 xx 000 0 ara d
040 _aGCL /
_cGCL
082 0 4 _aط
_b813.02
_bن خ
100 1 _aفاطمة المعدول
245 1 0 _aخلى بالك من ميدو /
_cفاطمة المعدول
700 1 _aنادر ابوالفتوح
700 1 _aمحسن رفعت
250 _aد0ط
260 _aالقاهرة :
_bالمركز القومى لثقافة الطفل ،
_c2003
300 _a15 ص ؛
_c15 سم
650 0 4 _aالقصص القصيرة
650 0 4 _aقصص الاطفال
942 _2ddc
_cBK
999 _c9427
_d9427